Cerebral revascularization : (Record no. 119674)

MARC details
000 -LEADER
fixed length control field 00919cam a22002654a 4500
008 - FIXED-LENGTH DATA ELEMENTS--GENERAL INFORMATION
fixed length control field
020 ## - INTERNATIONAL STANDARD BOOK NUMBER
International Standard Book Number 9781437717853 (hbk.)
049 ## - LOCAL HOLDINGS (OCLC)
Holding library MAIN
090 ## - LOCALLY ASSIGNED LC-TYPE CALL NUMBER (OCLC); LOCAL CALL NUMBER (RLIN)
Classification number (OCLC) (R) ; Classification number, CALL (RLIN) (NR) RD594.2
Local cutter number (OCLC) ; Book number/undivided call number, CALL (RLIN) ABD
003 - CONTROL NUMBER IDENTIFIER
control field
005 - DATE AND TIME OF LATEST TRANSACTION
control field 20230120204236.0
040 ## - CATALOGING SOURCE
Transcribing agency NUST
245 10 - TITLE STATEMENT
Title Cerebral revascularization :
Remainder of title techniques in extracranial-to-intracranial bypass surgery /
Statement of responsibility, etc. edited by Saleem I. Abdulrauf.
260 ## - PUBLICATION, DISTRIBUTION, ETC.
Place of publication, distribution, etc. Philadelphia, PA :
Name of publisher, distributor, etc. Elsevier Saunders,
Date of publication, distribution, etc. 2011.
300 ## - PHYSICAL DESCRIPTION
Extent xliv, 378 p. :
Other physical details col. ill. ;
Dimensions 28 cm.
500 ## - GENERAL NOTE
General note Includes index.
504 ## - BIBLIOGRAPHY, ETC. NOTE
Bibliography, etc. note Includes bibliographical references.
650 #0 - SUBJECT ADDED ENTRY--TOPICAL TERM
Topical term or geographic name entry element Cerebral revascularization.
650 #0 - SUBJECT ADDED ENTRY--TOPICAL TERM
Topical term or geographic name entry element Cerebrovascular disease
General subdivision Surgery.
650 12 - SUBJECT ADDED ENTRY--TOPICAL TERM
Topical term or geographic name entry element Cerebral Revascularization
General subdivision methods.
650 22 - SUBJECT ADDED ENTRY--TOPICAL TERM
Topical term or geographic name entry element Cerebrovascular Disorders
General subdivision surgery.
700 ## - ADDED ENTRY--PERSONAL NAME
Personal name Abdulrauf, Saleem I.
907 ## - LOCAL DATA ELEMENT G, LDG (RLIN)
a .b10389246
b 04-12-18
c 20-02-18
942 ## - ADDED ENTRY ELEMENTS (KOHA)
Koha item type Ordinary Loan Books
Call number prefix RD594.2
Call number suffix ABD
Holdings
Date last seen Total Checkouts Full call number Barcode Cost, replacement price Price effective from Koha item type Lost status Source of classification or shelving scheme Damaged status Not for loan Collection Withdrawn status Home library Current library Shelving location Date acquired Cost, normal purchase price
01/20/2023   RD594.2 ABD 92004045742 80.00 01/20/2023 BOOKS   lcc     NFIC   Medical Medical GEN 01/20/2023 80.00